000 00771nas a2200241Ia 4500
001 R002/39308
003 IT-RoPAU
008 151124c99999999xx |||||||||||| ||und||
040 _aIT-RoPAU
040 _cIT-RoPAU
041 _aITALIANO
100 _aMacchia Giovanni
_gCodice Aut. SPICS: 17751
210 _aBIANCO E NERO
222 _aBianco E Nero
245 _aANTOLOGIA DI BIANCO E NERO 1937-1943 VOL.2: SCRITTI TEORICI
_bDivagazioni Intorno A Uno Scenario di Baudelaire
250 _a1a ed.
260 _aROMA
_bBIANCO E NERO
_c1964
501 _bPaulus - SPICS - Società San Paolo EM (non-commercial uses only)
_cCopyright2015
300 _a22 p. [428-449]
362 _aVOL.02 (1937-1943)
650 _aCINEMA
_vPUBBLICAZIONE PERIODICA
942 _cCR
999 _c204446
_d204446